00588nam a2200181Ia 4500952013300000999001700133003000400150005001700154008004100171040000900212082001800221100002400239245004400263260003500307300000900342650001200351942004300363 00102ddc40708LEXIaMESbMEScLEXICONd2019-02-20g40.00l0o591.03 LEF/Dp16142r2019-02-20 00:00:00w2019-02-20yREFzU19R3 c35778d35778OSt20201218125021.0190216s9999||||xx |||||||||||||| ||und|| coclc a591.03bLEF/D aLeftwich, A W97684 2aA Dictionary Of Zoology /cA W Leftwich bCbs Publishers,c1983.aDelhi: a478p aZoology cREF2ddch591.03iLEF/Dk591.03mLEF/D